| 000 | 00346cam a2200133ua 4500 | ||
|---|---|---|---|
| 082 |
_a624 _bDEV/CI |
||
| 100 | _aDev, R . | ||
| 245 | _aCivil engineering Objective type / | ||
| 250 | _a1 / | ||
| 260 |
_aNew Delhi 110005 : _bNew Heights, 1367/21,Hari singh Nalwa street Karol Bagh , _c1951. |
||
| 300 | _a382 ; . | ||
| 500 | _a*CSS | ||
| 942 | _cBK | ||
| 999 |
_c3169 _d3169 |
||